Rappeur francophone - Statistiques

Statistiques générales
  • Ce quiz a été pris 229 fois
  • Le résultat moyen est 38 sur 205
Statistiques - réponses
alphabet rappeur % Correct
Booba
78%
D Damso
71%
Jul
71%
K Kaaris
68%
Ninho
67%
SCH
66%
PNL
63%
PLK
61%
N Nekfeu
58%
Niska
56%
Gazo
55%
Koba la D
53%
Vald
53%
H Hamza
50%
Zola
50%
Alpha Wann
49%
Kalash
47%
Orelsan
47%
Lomepal
46%
Gims
45%
Alonzo
44%
Leto
44%
Freeze corleone
41%
Maes
41%
Ziak
41%
Laylow
40%
Josman
39%
Tiakola
39%
Dinos
38%
I IAM
38%
Soso maness
38%
La fève
37%
Kalash criminel
36%
Diams
35%
L Lacrim
35%
NTM
34%
SDM
34%
Shay
34%
1pliké140
33%
Bigflo
33%
Black M
33%
Jok’air
33%
Luv resval
33%
Niro
33%
Rohff
33%
Sofiane
33%
Oli
32%
Soprano
32%
13 block
31%
Gradur
31%
Rim’k
31%
Népal
30%
Lefa
29%
MHD
29%
Heuss l’enfoiré
28%
Kerchak
28%
Alkpote
27%
C Caballero
25%
Dosseh
25%
Kofs
25%
Guy2bezbar
24%
Jeanjass
24%
Mister V
24%
ZKR
24%
F Favé
23%
O Oboy
23%
Ashe 22
22%
Guizmo
21%
Hatik
21%
Luidji
21%
S Sadek
21%
4Keus
20%
Doums
20%
So la lune
20%
Werenoi
20%
1-8 113
19%
Akhenaton
19%
DA Uzi
19%
Georgio
19%
J Jazzy bazz
19%
Kekra
19%
Luther
19%
Uzi
19%
Zed
19%
Deen burbigo
18%
Disiz
18%
Menace santana
18%
Screw
18%
Sneazzy
18%
Timal
18%
Bosh
17%
Green montana
17%
Hugo TSR
17%
Oxmo puccino
17%
Z Zamdane
17%
Gringe
16%
Hornet la frappe
16%
Kery james
16%
Lujipeka
16%
Mister you
16%
Isk
15%
Médine
15%
Osirus jack
15%
Bushi
14%
Seth gueko
14%
Sexion d’assaut
14%
YL
14%
Khali
13%
NeS
13%
Spri noir
13%
Zuukou mayzie
13%
Bekar
12%
Lesram
12%
Nemir
12%
Ali
11%
Kodes
11%
404Billy
10%
A A2h
10%
B.B. Jacques
10%
Benjamin epps
10%
Brulux
10%
Slimka
10%
Youv dee
10%
Ashh
9%
Di-meh
9%
GLK
9%
Isha
9%
Krisy
9%
Benab
8%
Hayce lemsi
8%
Stavo
8%
Winnterzuko
8%
Yvnnis
8%
8ruki
7%
Django
7%
Infinit
7%
Kpri
7%
Lunatic
7%
Mairo
7%
Zeu
7%
E Edge
6%
Limsa d’aulnay
6%
Rémy
6%
Savage toddy
6%
W Wallace cleaver
6%
7 Jaws
5%
Fonky family
5%
Frenetik
5%
G Gambino la MG
5%
H JeuneCrack
5%
Wit
5%
Zikxo
5%
Colombine
4%
Ichon
4%
Kikesa
4%
Makala
4%
Prince Waly
4%
R Ratus
4%
Rouhnaa
4%
Senamo
4%
Tiitof
4%
Y YG pablo
4%
Key largo
3%
Norsacce Berlusconi
3%
5 Majeur
2%
Captain Roshi
2%
Coelho
2%
Gros Mo
2%
Joysad
2%
Kobo
2%
Le juiice
2%
M le maudit
2%
Nessbeal
2%
Oldpee
2%
Rowjay
2%
Tuerie
2%
V Vacra
2%
Varnish la piscine
2%
X X-men
2%
Zefor
2%
Ajna
1%
B Bakari
1%
Black Jack OBS
1%
Demi portion
1%
Elgrandetoto
1%
Jewel usain
1%
KSA
1%
Loveni
1%
M Mademoiselle lou
1%
T Tedax max
1%
Veerus
1%
Volt face
1%
Youri
1%
Black D
0%
Blacko
0%
Blaz Pit
0%
Coyote Jo Bastard
0%
Dicidens
0%
Fixpen sill
0%
Geeeko
0%
Huntrill
0%
P Pitbull
0%
U Unite 2 feu
0%
Wu-tang clan
0%
YPN
0%
Aucun quiz correspondant
Distribution des résultats
% des personnes avec chaque résultat
Percentile par nombre de réponses
Votre historique - résultats
Vous n’avez pas pris ce quiz